MARC

Tag First Indicator Second Indicator Subfields
LEADER 00000cam a2200000Ia 4500
001 in00002002255
005 20151031141145.0
008 940902s1993 ru 000 1 rus d
020 |a 5853340050 
035 |a (OCoLC)ocm31048614 
040 |a LRU  |c LRU  |d GZM  |d OCL  |d TXA  |d UtOrBLW 
049 |a TXAM 
090 |a PG3476.G6  |b B34 1993b 
100 1 |a Golubov, Sergeĭ. 
245 1 0 |a Bagration /  |c Sergeĭ Golubov. 
264 1 |a Moskva :  |b Izdatelʹskiĭ t︠s︡entr detskoĭ knigi,  |c 1993. 
300 |a 335 pages ;  |c 21 cm. 
336 |a text  |b txt  |2 rdacontent 
337 |a unmediated  |b n  |2 rdamedia 
338 |a volume  |b nc  |2 rdacarrier 
490 1 |a Rusʹ nepobezhdennai︠a︡ : serii︠a︡ istoricheskogo romana 
500 |a "Literaturno-khudozhestvennoe izdanie"--T.p verso. 
500 |a "Reprintnoe izdanie"--Title page verso. 
600 1 0 |a Bagration, Petr Ivanovich  |v Fiction. 
650 0 |a Napoleonic Wars, 1800-1815  |x Campaigns  |z Russia  |v Fiction. 
830 0 |a Rusʹ nepobezhdennai︠a︡ : serii︠a︡ istoricheskogo romana. 
948 |a cataloged  |b h  |c 2004/11/12  |d c  |e spoltoratski  |f 11:27:32 am 
994 |a E0  |b TXA 
999 |a MARS 
999 f f |s 2abe5e27-3ec8-3449-a1ce-99486d4e8bdb  |i 3daa6065-f2f1-3d55-9464-aae733dcb273  |t 0 
952 f f |p ric  |a Texas A&M University  |b Rellis Campus  |c Joint Library Facility  |d Remote Storage  |t 0  |e PG3476.G6 B34 1993  |h Library of Congress classification  |i unmediated -- volume  |m A14831596968 
998 f f |a PG3476.G6 B34 1993  |t 0  |l Remote Storage